书目信息 |
| 题名: |
齐白石
|
|
| 作者: | 齐白石, 绘 | |
| 分册: | 花卉 | |
| 出版信息: | 北京 人民美术出版社 2020.12 |
|
| 页数: | 120页 | |
| 开本: | 29cm | |
| 丛书名: | ||
| 单 册: | ||
| 中图分类: | J222.7 , J222.77 | |
| 科图分类: | ||
| 主题词: | 中国画--中国--现代--作品集 , 花卉画--中国--现代--作品集 | |
| 电子资源: | ||
| ISBN: | 978-7-102-07588-4 | |
| 000 | 01080nam 2200265 45 | |
| 001 | 012001001152 | |
| 005 | 20130910155758.0 | |
| 010 | @a978-7-102-07588-4@dCNY39.80 | |
| 099 | @aCAL 012017031887 | |
| 100 | @a20161222d2016 em y0chiy0110 ea | |
| 101 | 0 | @achi |
| 102 | @aCN@b110000 | |
| 105 | @aa z 000yy | |
| 106 | @ar | |
| 200 | 1 | @a齐白石@i花卉@f(1863-1957)齐白石,绘@Aqi bai shi |
| 210 | @a北京@c人民美术出版社@d2020.12 | |
| 215 | @a120页@c彩图@d29cm | |
| 330 | @a齐白石的花卉是读者最喜爱也是绘画中常用的题材,本书精选收录了齐白石创作的牡丹、荷花、牵牛花及梅兰竹菊等花卉品种,为学习中国传统绘画提供了丰富的草虫信息。在本书中,作者通过作品表现各种花卉寓意的传统文化内涵,同时,从作品的构图、内容的搭配及主次安排和色彩的运用等,给读者以多样化的提示,让学习花鸟画的初学者及其他读者从中感受和提高绘画语言的能力。 | |
| 606 | 0 | @a中国画@y中国@z现代@j作品集 |
| 606 | 0 | @a花卉画@y中国@z现代@j作品集 |
| 690 | @aJ222.7@v5 | |
| 690 | @aJ222.77@v5 | |
| 701 | 0 | @a齐白石,@Aqi bai shi@f1863-1957@4绘 |
| 801 | @aCN@b江苏凤凰@c20211018 | |
| 905 | @b1342394-7@dJ222.7@e511@f4 | |
| 齐白石.花卉/(1863-1957)齐白石,绘.-北京:人民美术出版社,2020.12 |
| 120页:彩图;29cm |
| ISBN 978-7-102-07588-4:CNY39.80 |
| 齐白石的花卉是读者最喜爱也是绘画中常用的题材,本书精选收录了齐白石创作的牡丹、荷花、牵牛花及梅兰竹菊等花卉品种,为学习中国传统绘画提供了丰富的草虫信息。在本书中,作者通过作品表现各种花卉寓意的传统文化内涵,同时,从作品的构图、内容的搭配及主次安排和色彩的运用等,给读者以多样化的提示,让学习花鸟画的初学者及其他读者从中感受和提高绘画语言的能力。 |
| ● |
| 相关链接 |
|
|
|
|
正题名:齐白石
索取号:J222.7/511
 
预约/预借
| 序号 | 登录号 | 条形码 | 馆藏地/架位号 | 状态 | 备注 |
| 1 | 1342394 | 213423945 | 第一样本阅览室/ [索取号:J222.7/511] | 在馆 | |
| 2 | 1342395 | 213423954 | 第一借阅区/ [索取号:J222.7/511] | 在馆 | |
| 3 | 1342396 | 213423963 | 第一借阅区/ [索取号:J222.7/511] | 在馆 | |
| 4 | 1342397 | 213423972 | 第一借阅区/ [索取号:J222.7/511] | 在馆 |